The new dictionary of pastoral studies / (Record no. 1017)

MARC details
000 -LEADER
fixed length control field 01052cam a2200313 a 4500
001 - CONTROL NUMBER
control field 12688045
003 - CONTROL NUMBER IDENTIFIER
control field GBCCL
005 - DATE AND TIME OF LATEST TRANSACTION
control field 20241126110351.0
008 - FIXED-LENGTH DATA ELEMENTS--GENERAL INFORMATION
fixed length control field 020227s2002 miu bd 000 0 eng d
010 ## -
-- 2002265776
020 ## - INTERNATIONAL STANDARD BOOK NUMBER
International Standard Book Number 0802823181
035 ## - SYSTEM CONTROL NUMBER
System control number (DLC) 2002265776
035 ## - SYSTEM CONTROL NUMBER
System control number (DLC)4035
035 ## - SYSTEM CONTROL NUMBER
System control number (OCoLC)ocm48968009
040 ## - CATALOGING SOURCE
Original cataloging agency KAT
Transcribing agency KAT
Modifying agency DLC
042 ## -
-- lccopycat
050 00 -
-- BV4005.5
-- .N49 2002
082 00 - DEWEY DECIMAL CLASSIFICATION NUMBER
Classification number 253.03
Edition information 21
Item number NEW
245 04 - TITLE STATEMENT
Title The new dictionary of pastoral studies /
Statement of responsibility, etc. edited by Wesley Carr.
260 ## - PUBLICATION, DISTRIBUTION, ETC.
Place of publication, distribution, etc. Grand Rapids, Mich. :
Name of publisher, distributor, etc. William B. Eerdmans,
Date of publication, distribution, etc. 2002.
300 ## - PHYSICAL DESCRIPTION
Extent xviii, 414 p. ;
Dimensions 24 cm.
500 ## - GENERAL NOTE
General note Published simultaneously in Great Britain by SPCK.
504 ## - BIBLIOGRAPHY, ETC. NOTE
Bibliography, etc. note Includes bibliographical references (p. [403]-414).
650 #0 - SUBJECT ADDED ENTRY--TOPICAL TERM
Topical term or geographic name entry element Pastoral theology
Form subdivision Dictionaries.
9 (RLIN) 1726
700 1# - ADDED ENTRY--PERSONAL NAME
Personal name Carr, Wesley.
9 (RLIN) 1727
906 ## - LOCAL DATA ELEMENT F, LDF (RLIN)
a 7
b cbc
c copycat
d 2
e ncip
f 20
g y-gencatlg
942 ## - ADDED ENTRY ELEMENTS (KOHA)
Source of classification or shelving scheme Dewey Decimal Classification
Koha item type Reference Books
Holdings
Withdrawn status Lost status Source of classification or shelving scheme Damaged status Not for loan Home library Current Library Shelving location Date acquired Total checkouts Full call number Barcode Date last seen Copy number Price effective from Koha item type
    Dewey Decimal Classification     GRACE BIBLE COLLEGE GRACE BIBLE COLLEGE Dictionary 2017-04-05   253.03 NEW 000352 2025-05-01 c.1 2017-04-05 Reference Books
    Dewey Decimal Classification     GRACE BIBLE COLLEGE GRACE BIBLE COLLEGE Dictionary 2017-04-05   253.03 NEW 010326 2025-05-01 c.2 2017-04-05 Reference Books
© Grace Bible College Library 2025